| 000 | 00415nam a2200169Ia 4500 | ||
|---|---|---|---|
| 008 | 230711s9999||||xx |||||||||||||| ||und|| | ||
| 020 | _a978-93-325-1886-5 | ||
| 041 | _aENG | ||
| 082 |
_a621.382 _bST-D |
||
| 100 | _aStallings,William | ||
| 245 | 0 | _aData and computer communication | |
| 250 | _a9th Ed. | ||
| 260 |
_c2014 _aNew Delhi _bPearson |
||
| 300 | _a864p. | ||
| 650 | _aComputer Engineering | ||
| 942 | _cBK | ||
| 999 |
_c9493 _d9493 |
||